000 00504nam a22001937a 4500
005 20250225154828.0
010 _aENG-143930
020 _c150.00
_a9789389810400
035 _aEN-127462
037 _bDBAD/PUB
082 _a239
100 _aSethi, V. K.
_978724
245 _aMira;
_cby V. K. Sethi,
_bThe Divine Lover/
250 _a01
260 _aPunjab
_b Radha Soami Satsang Beas
_c2024
270 _bPunjab
300 _a227p.g
_c22cm(pbk)
942 _2ddc
_cEN
_h239
_mSET
999 _c209766
_d209766